Study on growth rate of avian supplemented shrim by- product and ivy-gourd on hi-grofeed in thr royal university of agriculture, ការសិក្សាលើការលាុតលាស់មាន់សាច់ពូជAVIAN ដោយបន្ថែមអនុផលបង្គា និងស្លឹកបាសលើចំណីផ្សំរបស់ក្រុមហ់ុន ស៊ី ភី នៅសាកលវិទ្យាល័យភូមិន្ធកសិកម្ម. (Record no. 2357)

000 -LEADER
fixed length control field 00853nam a22001337a 4500
040 ## - CATALOGING SOURCE
Transcribing agency RUA
082 ## - DEWEY DECIMAL CLASSIFICATION NUMBER
Classification number AVM NOU 2010 B091 Or.1
100 ## - MAIN ENTRY--AUTHOR NAME
Personal name NOU, VAEHANA.
245 ## - TITLE STATEMENT
Title Study on growth rate of avian supplemented shrim by- product and ivy-gourd on hi-grofeed in thr royal university of agriculture, ការសិក្សាលើការលាុតលាស់មាន់សាច់ពូជAVIAN ដោយបន្ថែមអនុផលបង្គា និងស្លឹកបាសលើចំណីផ្សំរបស់ក្រុមហ់ុន ស៊ី ភី នៅសាកលវិទ្យាល័យភូមិន្ធកសិកម្ម.
260 ## - PUBLICATION, DISTRIBUTION, ETC. (IMPRINT)
Place of publication pnom phen
Name of publisher RUA
Year of publication 2010
300 ## - PHYSICAL DESCRIPTION
Number of Pages XII,39p.
Other physical details ill.
Dimensions 29cm.
856 ## - ELECTRONIC LOCATION AND ACCESS
Uniform Resource Identifier https://drive.google.com/file/d/13T7NX_F9yJvV2dTFgiZbr2D-8wsfe9-P/view?usp=sharing
942 ## - ADDED ENTRY ELEMENTS (KOHA)
Koha item type AVM
952 ## - LOCATION AND ITEM INFORMATION (KOHA)
Withdrawn status [LOCAL, KOHA] 0
952 ## - LOCATION AND ITEM INFORMATION (KOHA)
Withdrawn status [LOCAL, KOHA] 0
952 ## - LOCATION AND ITEM INFORMATION (KOHA)
Withdrawn status [LOCAL, KOHA] 0
952 ## - LOCATION AND ITEM INFORMATION (KOHA)
Withdrawn status [LOCAL, KOHA] 0
952 ## - LOCATION AND ITEM INFORMATION (KOHA)
Withdrawn status [LOCAL, KOHA] 0
952 ## - LOCATION AND ITEM INFORMATION (KOHA)
Withdrawn status [LOCAL, KOHA] 0
952 ## - LOCATION AND ITEM INFORMATION (KOHA)
Withdrawn status [LOCAL, KOHA] 0
952 ## - LOCATION AND ITEM INFORMATION (KOHA)
Withdrawn status [LOCAL, KOHA] 0
952 ## - LOCATION AND ITEM INFORMATION (KOHA)
Withdrawn status [LOCAL, KOHA] 0
Holdings
Permanent Location Date acquired Koha item type Lost status Shelving location Barcode Current Location Full call number
Library Block B2015-10-20AVM B091rua018863Library Block BAVM NOU 2010 B091 Or.1
Library Block B2015-10-20AVM B091rua015615Library Block BAVM NOU 2010 B091 Or.2
Library Block B2015-10-20AVM B091rua015543Library Block BAVM NOU 2010 B091 Or.3
Library Block B2015-10-20AVM B091rua015686Library Block BAVM NOU 2010 B091 Or.4
Library Block B2015-10-20AVM B091rua015551Library Block BAVM NOU 2010 B091 Or.5
Library Block B2015-10-20AVM B091rua015758Library Block BAVM NOU 2010 B091 Or.6
Library Block B2015-10-20AVM B091rua015479Library Block BAVM NOU 2010 B091 Or.7
Library Block B2015-10-20AVM B091rua019389Library Block BAVM NOU 2010 B091 Or.8
Library Block B2019-07-12AVM B1.230A38061Library Block BAVM NOU 2010 B1.230 Or.1
មជ្ឈមណ្ឌលឯការនៃសាកលវិទ្យាល័យភូមិន្ទកសិកម្មចំការដូង

Powered by Koha